000
00333nam a2200145Ia 4500
100
_a
Machinery yellow back series
942
_c
BK
654
_a
Lathe
245
_a
Centre Lathe Practice Part 2 No. 12 A
260
_b
Machinery Publication & co
_c
2001
082
_a
621.9
_b
MAC
300
_a
60
546
_a
ENGLISH
999
_c
19334
_d
19334